01551nam a2200157 a 4500008004100000020001800041041000800059100002500067245012000092250001200212260004000224300002200264500015700286520093500443655001501378200311s2014 ag ||||gr|||| 001 0 spa d a9789500739719 aspa1 aBachrach, Estanilao. aÁgilmente.bAprende cómo funciona tu cerebro para potenciar tu creatividad y vivir mejor /cEstanilao Bachrach. a20a ed. aBuenos Aires:bSudamericana;c2014. a392 p.b23x16 cm. aBachrach, E. (2014). Ágilmente. Aprende cómo funciona tu cerebro para potenciar tu creatividad y vivir mejor. (20 ed.). Buenos Aires : Sudamericana. a¿Creés que ser creativo es un atributo de genios y gurúes? Estas equivocado. Seas quien seas podés cambiar. La creatividad puede expandirse. Hoy la neurociencia es clara: el cerebro aprende hasta el último día de vida. Tu mente, mediante la aplicación de las técnicas correctas, puede modificar la anatomía y estructura de tu cerebro. Ágilmente es un libro sobre nuestro talento más preciado y único: la habilidad que tenemos para imaginar y ser más creativos. A través de estas páginas vas a lograr desarrollar todo tu potencial y a entender los mecanismos de tus propios aprendizajes, a comprender cómo utilizar los sentidos, a ampliar la memoria, a focalizar la atención, a controlar las emociones negativas y a disfrutar de las positivas. Dejate llevar en un viaje alucinante y divertido hacia lo más profundo de tu cerebro porque, una vez que lo conozcas, tu vida va a cambiar para siempre. aLiteratura